World textiles : (Record no. 353112)

000 -LEADER
fixed length control field 00783 a2200253 4500
003 - CONTROL NUMBER IDENTIFIER
control field OSt
005 - DATE AND TIME OF LATEST TRANSACTION
control field 20180116192356.0
008 - FIXED-LENGTH DATA ELEMENTS--GENERAL INFORMATION
fixed length control field 120612t xxu||||| |||| 00| 0 eng d
010 ## - LIBRARY OF CONGRESS CONTROL NUMBER
LC control number 2004102923
020 ## - INTERNATIONAL STANDARD BOOK NUMBER
International Standard Book Number 0500282471
020 ## - INTERNATIONAL STANDARD BOOK NUMBER
International Standard Book Number 9780500282472
035 ## - SYSTEM CONTROL NUMBER
System control number (DLC) 2004102923
040 ## - CATALOGING SOURCE
Transcribing agency 0
082 ## - DEWEY DECIMAL CLASSIFICATION NUMBER
Classification number 746
100 1# - MAIN ENTRY--PERSONAL NAME
Personal name Gillow, John.
9 (RLIN) 4452
245 10 - TITLE STATEMENT
Title World textiles :
Remainder of title a visual guide to tradional techniques /
Statement of responsibility, etc. John Gillow, Bryan Sentance.
260 ## - PUBLICATION, DISTRIBUTION, ETC.
Place of publication, distribution, etc. New York , NY :
Name of publisher, distributor, etc. Thames & Hudson,
Date of publication, distribution, etc. 2005.
300 ## - PHYSICAL DESCRIPTION
Extent 240 p. :
Other physical details ill. ;
Dimensions 30cm.
650 10 - SUBJECT ADDED ENTRY--TOPICAL TERM
Topical term or geographic name entry element Textile arts
9 (RLIN) 4453
650 10 - SUBJECT ADDED ENTRY--TOPICAL TERM
Topical term or geographic name entry element Textile fabrics.
9 (RLIN) 4454
650 10 - SUBJECT ADDED ENTRY--TOPICAL TERM
Topical term or geographic name entry element Textile handicrafts
9 (RLIN) 4455
942 ## - ADDED ENTRY ELEMENTS (KOHA)
Institution code [OBSOLETE] SADA
Koha item type Book
Call number prefix 746 GIL 2005
Source of classification or shelving scheme
952 ## - LOCATION AND ITEM INFORMATION (KOHA)
-- BOOK
Holdings
Withdrawn status Lost status Source of classification or shelving scheme Damaged status Not for loan Permanent Location Current Location Date acquired Total Checkouts Full call number Barcode Date last seen Cost, replacement price Price effective from Koha item type
          School of Art Design and Architecture (SADA) School of Art Design and Architecture (SADA) 06/07/2011   746 GIL 2005 SADA0001282 08/05/2011 1970.00 08/05/2011 Book
© 2023 Central Library, National University of Sciences and Technology. All Rights Reserved.